| 000 | 004250000a22001810004500 | ||
|---|---|---|---|
| 003 | MACL | ||
| 005 | 20151010103313.0 | ||
| 008 | 151010b xxu||||| |||| 00| 0 eng d | ||
| 040 |
_aMACL _cMACL |
||
| 041 | _aEnglish | ||
| 082 | _a920 | ||
| 100 |
_aHingorani, Anand T. _95290 |
||
| 245 | _aOn Myself | ||
| 260 |
_bGandhi Peace Foundation _c1972 _aBombay |
||
| 350 | _a2 | ||
| 650 |
_aBiography _914207 |
||
| 942 |
_cBK _k920 _2ddc |
||
| 999 |
_c5800 _d5800 |
||